LEADER 00970nam0-22003251i-450- 001 990000845030403321 005 20001010 010 $a3-540-05394-8 035 $a000084503 035 $aFED01000084503 035 $a(Aleph)000084503FED01 035 $a000084503 100 $a20001010d--------km-y0itay50------ba 101 0 $aita 105 $ay-------001yy 200 1 $aFoundations of Modern Potential Theory$fN.S. Landkof$gTranslated from the Russian by A.P. Doohovskoy 210 $aBerlin$cSpringer-Verlag$d1972 215 $aX, 424 p.$d23 cm 225 1 $a<>Grundlehren der mathematischen Wissenschaften$v180 676 $a515.9 700 1$aLandkof,$bNaum Samoilovich$041551 702 1$aDoohovskoy,$bA. P. 801 0$aIT$bUNINA$gRICA$2UNIMARC 901 $aBK 912 $a990000845030403321 952 $a02 36 F 4$b2579$fFINBN 959 $aFINBN 996 $aOsnovy sovremennoi teorii potenciala$935017 997 $aUNINA DB $aING01 LEADER 01035nam0-22002771i-450- 001 990001672620403321 005 20050525151436.0 035 $a000167262 035 $aFED01000167262 035 $a(Aleph)000167262FED01 035 $a000167262 100 $a20030910d1901----km-y0itay50------ba 101 0 $aita 200 1 $aAllegato n. 1 alla relazione della Sotto-Commissione incaricata dalla Commissione Censuaria Centrale di esaminare le tariffe d'estimo della provincia di Como$fMinistero delle Finanze 210 $aRoma$cTip. Elzeviriana$d1901 215 $a1017 p.$d30 cm 610 0 $aImposte fondiarie 676 $a336.22 710 02$aItalia.$bMinistero delle finanze$0356818 801 0$aIT$bUNINA$gRICA$2UNIMARC 901 $aBK 912 $a990001672620403321 952 $a60 336.22 A 30$b18250$fFAGBC 959 $aFAGBC 996 $aAllegato n. 1 alla relazione della Sotto-Commissione incaricata dalla Commissione Censuaria Centrale di esaminare le tariffe d'estimo della provincia di Como$9370842 997 $aUNINA